[Event "V Festival Costa Viola B"]
[Site "Palmi ITA"]
[Date "2012.01.05"]
[Round "6"]
[White "Tricomi, Massimo"]
[Black "Pelyushenko, Vladyslav"]
[Result "1-0"]
[WhiteElo "1839"]
[BlackElo "1787"]
[PlyCount "117"]
[EventDate "2012.01.02"]

1. b3 e5 2. Bb2 Nc6 3. e3 d5 4. Bb5 Bd6 5. Nf3 Qe7 6. d4 e4 7. Ne5 Bd7 8. Nxd7
Qxd7 9. Be2 Nf6 10. c4 Be7 11. Ba3 Bxa3 12. Nxa3 O-O 13. Rc1 a6 14. Nb1 Ne7 15.
cxd5 Qxd5 16. Nc3 Qa5 17. Qd2 Qf5 18. O-O c6 19. f3 Qa5 20. Nxe4 Qxd2 21. Nxd2
Nf5 22. Kf2 Rfe8 23. Nc4 Nd5 24. e4 Nxd4 25. Nd6 Nxe2 26. Kxe2 Re7 27. Nxb7
Nf4+ 28. Ke3 Nxg2+ 29. Kf2 Nf4 30. Nc5 h5 31. Rfd1 h4 32. Rc4 Nh3+ 33. Ke3 g5
34. Rd7 Rae8 35. Rxe7 Rxe7 36. Nxa6 f5 37. Rxc6 f4+ 38. Ke2 Rd7 39. Rc8+ Kg7
40. Rc7 Rxc7 41. Nxc7 Ng1+ 42. Kf2 Nh3+ 43. Kg2 g4 44. Nd5 Ng5 45. fxg4 h3+ 46.
Kf2 Nxe4+ 47. Kf3 Nd2+ 48. Ke2 Ne4 49. Nxf4 Nc3+ 50. Kd2 Nxa2 51. Nd5 Kg6 52.
Kc2 Kg5 53. Kb2 Nb4 54. Nxb4 Kxg4 55. Nd3 Kf3 56. b4 Kg2 57. Nf4+ Kxh2 58. Nxh3
Kxh3 59. b5 1-0

[Event "V Festival Costa Viola B"]
[Site "Palmi ITA"]
[Date "2012.01.05"]
[Round "6"]
[White "Valotta, Massimiliano"]
[Black "Favaloro, Andrea"]
[Result "1/2-1/2"]
[WhiteElo "1852"]
[BlackElo "1626"]
[PlyCount "98"]
[EventDate "2012.01.02"]

1. d4 Nf6 2. c4 g6 3. Nc3 Bg7 4. e4 d6 5. f4 O-O 6. Nf3 c5 7. d5 e6 8. Bd3 exd5
9. cxd5 a6 10. a4 Re8 11. O-O Bg4 12. h3 Bxf3 13. Qxf3 Nbd7 14. a5 Rc8 15. g4
c4 16. Bc2 b5 17. axb6 Qxb6+ 18. Qf2 Nc5 19. Re1 Nfd7 20. Kg2 Qb4 21. Qd2 Nb3
22. Bxb3 cxb3 23. Ra4 Bxc3 24. Rxb4 Bxd2 25. Bxd2 Rc2 26. Re2 Rxb2 27. Kf3 Rc8
28. Rb7 Rcc2 29. Rxd7 Rxd2 30. Rxd2 Rxd2 31. Rxd6 b2 32. Rb6 Rd3+ 33. Ke2 Rxh3
34. d6 Rh2+ 35. Kd1 Rh1+ 36. Kc2 Rh2+ 37. Kb1 Rd2 38. Rxa6 Kf8 39. Ra8+ Kg7 40.
e5 h5 41. gxh5 gxh5 42. Ra3 Kg6 43. Rg3+ Kf5 44. Rg5+ Kxf4 45. Rxh5 f6 46. exf6
Rxd6 47. f7 Rf6 48. Rh1 Kg5 49. Rg1+ Kh6 1/2-1/2

[Event "V Festival Costa Viola B"]
[Site "Palmi ITA"]
[Date "2012.01.05"]
[Round "6"]
[White "Vasta, Armando"]
[Black "Arcidiaco, Francesco"]
[Result "1-0"]
[WhiteElo "1678"]
[BlackElo "1668"]
[PlyCount "111"]
[EventDate "2012.01.02"]

1. d4 d5 2. c4 e6 3. Nc3 Nf6 4. Nf3 c5 5. cxd5 exd5 6. e3 c4 7. Be2 Bd6 8. O-O
O-O 9. b3 cxb3 10. Qxb3 a6 11. a4 Nc6 12. Kh1 Na5 13. Qa2 Be6 14. Ba3 Rc8 15.
Bxd6 Qxd6 16. Rfc1 Ne4 17. Nd1 Nc4 18. Qb1 Na5 19. Qb2 Rc7 20. Rxc7 Qxc7 21.
Rc1 Nc6 22. Ne5 Qa5 23. Nd3 Bc8 24. f3 Nd6 25. Rc5 Qxa4 26. Nc3 Nc4 27. Nxa4
Nxb2 28. Naxb2 Re8 29. Nd1 Be6 30. Nf4 Nxd4 31. exd4 Bf5 32. Rxd5 Bc2 33. Re5
Rd8 34. Kg1 Kf8 35. d5 h6 36. h4 Re8 37. Rxe8+ Kxe8 38. Nc3 Kd7 39. Kf2 b5 40.
Nxb5 axb5 41. Bxb5+ Kd6 42. Bc4 Ke5 43. Ke3 Bb1 44. Ne2 f5 45. Nc3 Bc2 46. f4+
Kd6 47. Kd4 Ke7 48. Ke5 Kd7 49. Bb5+ Ke7 50. d6+ Kd8 51. Ne2 Be4 52. g3 g5 53.
fxg5 hxg5 54. hxg5 Bb1 55. g6 f4 56. gxf4 1-0

[Event "V Festival Costa Viola B"]
[Site "Palmi ITA"]
[Date "2012.01.05"]
[Round "6"]
[White "Vazzana, Antonio"]
[Black "Daniac, Federico"]
[Result "1-0"]
[WhiteElo "1593"]
[BlackElo "1548"]
[PlyCount "121"]
[EventDate "2012.01.02"]

1. c4 e5 2. Nc3 Bb4 3. Nd5 Be7 4. d4 c6 5. Nxe7 Qxe7 6. e3 Nf6 7. Nf3 e4 8. Nd2
d5 9. Be2 Bf5 10. O-O O-O 11. f3 Nbd7 12. fxe4 Bxe4 13. Nxe4 Nxe4 14. Qb3 Ndf6
15. a4 a5 16. Ra3 Qc7 17. Qc2 Rac8 18. Rf4 Rfe8 19. Rd3 Re7 20. Rd1 Rce8 21.
Kh1 dxc4 22. Qxc4 Nd5 23. Rf3 Nef6 24. Qd3 Ng4 25. g3 Ndxe3 26. Bxe3 Rxe3 27.
Rxe3 Rxe3 28. Bxg4 Rxd3 29. Rxd3 g6 30. b3 f5 31. Bf3 Kg7 32. Kg2 Kf6 33. Kf2
Qb6 34. Ke2 Qb4 35. d5 cxd5 36. Bxd5 b6 37. Bc4 Qa3 38. h4 Qb2+ 39. Kf3 Qe5 40.
Rd5 Qc7 41. Rd3 h6 42. Re3 Qd6 43. Rd3 Qc7 44. Re3 Qc6+ 45. Kf2 g5 46. hxg5+
hxg5 47. Re1 Qd6 48. Re2 f4 49. g4 Qd4+ 50. Kf3 Qc3+ 51. Ke4 Qg3 52. Kd5 Qxg4
53. Kd6 Kg6 54. Re6+ Kg7 55. Re7+ Kf8 56. Rf7+ Ke8 57. Re7+ Kf8 58. Rf7+ Ke8
59. Re7+ Kd8 60. Ra7 Ke8 61. Ra8+ 1-0

[Event "V Festival Costa Viola B"]
[Site "Palmi ITA"]
[Date "2012.01.05"]
[Round "6"]
[White "Violi, Vincenzo"]
[Black "Della Rocca, Giorgio"]
[Result "1-0"]
[WhiteElo "1813"]
[BlackElo "1855"]
[PlyCount "49"]
[EventDate "2012.01.02"]

1. e4 d5 2. exd5 e5 3. Nf3 e4 4. Qe2 Qe7 5. Nd4 a6 6. a4 Nf6 7. Nc3 Bg4 8. Qc4
g6 9. h3 Bf5 10. Be2 h5 11. Nxf5 gxf5 12. d3 Bh6 13. Bxh6 Rxh6 14. dxe4 fxe4
15. O-O-O Kf8 16. g4 hxg4 17. hxg4 b5 18. Qd4 Rxh1 19. Rxh1 b4 20. g5 Ng8 21.
Nxe4 Nd7 22. Rh7 Qe5 23. Qxe5 Nxe5 24. Nf6 Ke7 25. Rh8 1-0

[Event "V Festival Costa Viola B"]
[Site "Palmi ITA"]
[Date "2012.01.05"]
[Round "6"]
[White "Ziparo, Francesco"]
[Black "Suriano, Davide"]
[Result "1/2-1/2"]
[WhiteElo "1581"]
[BlackElo "1539"]
[PlyCount "64"]
[EventDate "2012.01.02"]

1. c4 Nf6 2. Nc3 c5 3. g3 g6 4. Bg2 Bg7 5. Nf3 O-O 6. Qc2 Nc6 7. O-O d6 8. a3
a5 9. Nb5 Bf5 10. d3 h6 11. Bd2 Qd7 12. Bc3 e5 13. e4 Be6 14. Bd2 Kh7 15. b4
axb4 16. axb4 Rxa1 17. Rxa1 Ng8 18. Qb3 Nge7 19. Qa3 f5 20. Bc3 f4 21. Ne1 cxb4
22. Bxb4 Nxb4 23. Qxb4 Rd8 24. Nc2 Nc6 25. Qb3 fxg3 26. hxg3 Qf7 27. Nb4 Rd7
28. Qa3 Qe7 29. Qa4 Qf7 30. Nd5 Rd8 31. Rb1 Bg4 32. Qa3 Bf8 1/2-1/2

[Event "V Festival Costa Viola B"]
[Site "Palmi ITA"]
[Date "2012.01.05"]
[Round "7"]
[White "Altomonte, Giuseppe"]
[Black "Violi, Vincenzo"]
[Result "1/2-1/2"]
[WhiteElo "1800"]
[BlackElo "1813"]
[PlyCount "30"]
[EventDate "2012.01.02"]

1. d4 Nf6 2. c4 e6 3. Nc3 Bb4 4. a3 Bxc3+ 5. bxc3 b6 6. Bg5 Ba6 7. e4 h6 8.
Bxf6 Qxf6 9. e5 Qg6 10. Qd3 Qxd3 11. Bxd3 Nc6 12. Nf3 Na5 13. Nd2 Rc8 14. Ke2
d6 15. f4 Ke7 1/2-1/2

[Event "V Festival Costa Viola B"]
[Site "Palmi ITA"]
[Date "2012.01.05"]
[Round "7"]
[White "Arcidiaco, Francesco"]
[Black "Ziparo, Francesco"]
[Result "0-1"]
[WhiteElo "1668"]
[BlackElo "1581"]
[PlyCount "90"]
[EventDate "2012.01.02"]

1. e4 d6 2. d4 Nf6 3. Nc3 g6 4. Be2 Bg7 5. Be3 Nbd7 6. Qd2 O-O 7. Bh6 e5 8.
Bxg7 Kxg7 9. d5 Nc5 10. Bf3 a5 11. Nge2 b5 12. Ng3 b4 13. Nce2 h6 14. a3 b3 15.
Nc3 Ba6 16. Be2 bxc2 17. Qxc2 Bxe2 18. Ngxe2 a4 19. O-O Nfd7 20. f4 Qb8 21. f5
g5 22. Ng3 Qb6 23. Kh1 Nf6 24. Qe2 Ncd7 25. Rf2 Rh8 26. Rc1 h5 27. Rc2 Ng4 28.
Rf1 Ne3 29. Nxh5+ Kf8 30. Rcc1 Nxf1 31. Rxf1 f6 32. Ng3 Nc5 33. Nh5 Kf7 34. g4
Rab8 35. Rf2 Qa7 36. Kg2 Ra8 37. Qc2 Qa6 38. Ng3 Qd3 39. Qc1 Rh7 40. Kg1 Rah8
41. Nh5 Ra8 42. Ng3 Kg7 43. Rc2 Nb3 44. Qb1 Nd4 45. Rc1 Nf3+ 0-1

[Event "V Festival Costa Viola B"]
[Site "Palmi ITA"]
[Date "2012.01.05"]
[Round "7"]
[White "Attina', Rodolfo"]
[Black "Gelardi, Davide"]
[Result "1/2-1/2"]
[WhiteElo "1368"]
[BlackElo "1677"]
[PlyCount "67"]
[EventDate "2012.01.02"]

1. Nf3 Nf6 2. d4 e6 3. Bg5 d5 4. a3 c5 5. c3 Nbd7 6. Qa4 cxd4 7. cxd4 Be7 8.
Nc3 a6 9. Bxf6 Bxf6 10. e3 O-O 11. Bd3 Rb8 12. Qc2 g6 13. O-O b5 14. b4 Nb6 15.
a4 Nc4 16. axb5 axb5 17. Ne2 Qd6 18. Rfb1 e5 19. e4 dxe4 20. Bxe4 exd4 21. Qd3
Bg4 22. Ra2 Bxf3 23. Qxf3 Ne5 24. Qh3 d3 25. Rd2 Rfd8 26. Nc1 Bg5 27. Rxd3 Nxd3
28. Nxd3 Rbc8 29. Qf3 f5 30. Bb7 Rc1+ 31. Rxc1 Bxc1 32. Qe2 Qxd3 33. Qe6+ Kf8
34. Qf6+ 1/2-1/2

[Event "V Festival Costa Viola B"]
[Site "Palmi ITA"]
[Date "2012.01.05"]
[Round "7"]
[White "Bellantoni, Corrado"]
[Black "Cammareri, Pasquale"]
[Result "1/2-1/2"]
[WhiteElo "1524"]
[BlackElo "1485"]
[PlyCount "44"]
[EventDate "2012.01.02"]

1. e4 e6 2. d4 d5 3. Nd2 Nf6 4. e5 Nfd7 5. Bd3 c5 6. c3 Nc6 7. Ne2 Qb6 8. Nf3
Be7 9. O-O O-O 10. a3 cxd4 11. cxd4 f6 12. Qc2 h6 13. Nf4 fxe5 14. Bh7+ Kh8 15.
Ng6+ Kxh7 16. Nxe7+ e4 17. Nxc6 bxc6 18. Bd2 Kh8 19. Ne5 Nxe5 20. dxe5 Ba6 21.
Rfe1 Rac8 22. Bb4 Rf7 1/2-1/2

[Event "V Festival Costa Viola B"]
[Site "Palmi ITA"]
[Date "2012.01.05"]
[Round "7"]
[White "Brogneri, Giovanni"]
[Black "Iannello, Andrea"]
[Result "1/2-1/2"]
[WhiteElo "1797"]
[BlackElo "1740"]
[PlyCount "30"]
[EventDate "2012.01.02"]

1. e4 c5 2. Nc3 Nc6 3. g3 e6 4. Bg2 Nf6 5. d3 Be7 6. Nge2 d5 7. exd5 exd5 8.
Nf4 Be6 9. O-O O-O 10. Re1 d4 11. Nxe6 fxe6 12. Ne4 e5 13. Nxf6+ Bxf6 14. f4
exf4 15. Bxf4 Bg5 1/2-1/2

[Event "V Festival Costa Viola B"]
[Site "Palmi ITA"]
[Date "2012.01.05"]
[Round "7"]
[White "Carrozza, Gregorio"]
[Black "Daniac, Federico"]
[Result "1-0"]
[WhiteElo "1689"]
[BlackElo "1548"]
[PlyCount "105"]
[EventDate "2012.01.02"]

1. e4 c5 2. Nf3 d6 3. d4 cxd4 4. Nxd4 Nc6 5. Bc4 Nf6 6. Nc3 g6 7. f3 Bg7 8. Be3
O-O 9. Qd2 Bd7 10. O-O-O a6 11. g4 Ne5 12. Bb3 b5 13. h3 Rc8 14. f4 Nc6 15. g5
Nh5 16. Rh2 Qc7 17. Nd5 Qb7 18. Nxc6 Bxc6 19. Bd4 Rcd8 20. f5 gxf5 21. Bxg7
Nxg7 22. exf5 Nxf5 23. Rg1 Bxd5 24. Bxd5 Qb6 25. Rhg2 Qe3 26. g6 Qxd2+ 27. Kxd2
hxg6 28. Rxg6+ Kh7 29. R6g5 e6 30. Rh5+ Nh6 31. Bb7 Rg8 32. Rxg8 Rxg8 33. Bxa6
Rg2+ 34. Kc3 b4+ 35. Kb3 Kg6 36. Rb5 Rg3+ 37. Kxb4 Rxh3 38. a4 Rh4+ 39. Kb3 Nf5
40. c3 Ne7 41. Bb7 Rh8 42. a5 Nc8 43. Kc2 d5 44. a6 f5 45. Bxc8 Rxc8 46. Ra5 f4
47. Kd3 Kf5 48. b4 Kg4 49. Kd4 Kg3 50. b5 f3 51. b6 f2 52. Ra1 Kg2 53. b7 1-0

[Event "V Festival Costa Viola B"]
[Site "Palmi ITA"]
[Date "2012.01.05"]
[Round "7"]
[White "Della Rocca, Giorgio"]
[Black "Cicero, Angelo"]
[Result "1/2-1/2"]
[WhiteElo "1855"]
[BlackElo "1680"]
[PlyCount "49"]
[EventDate "2012.01.02"]

1. e4 e5 2. Nc3 Bc5 3. Bc4 Nf6 4. d3 h6 5. f4 d6 6. Nf3 Nc6 7. f5 Ng4 8. Qe2
Nf6 9. Bd2 Qe7 10. Na4 Bb6 11. Nxb6 axb6 12. c3 Bd7 13. Bb3 O-O-O 14. O-O g6
15. fxg6 fxg6 16. a4 g5 17. g3 Rhf8 18. Rfe1 Bg4 19. Qe3 Nd7 20. Bd1 Nf6 21. d4
exd4 22. cxd4 Rde8 23. d5 Ne5 24. Nxe5 Qxe5 25. Qd3 1/2-1/2

[Event "V Festival Costa Viola B"]
[Site "Palmi ITA"]
[Date "2012.01.05"]
[Round "7"]
[White "Favaloro, Andrea"]
[Black "Russo, Arianna"]
[Result "1/2-1/2"]
[WhiteElo "1626"]
[BlackElo "1688"]
[PlyCount "75"]
[EventDate "2012.01.02"]

1. d4 Nf6 2. c4 g6 3. Nc3 Bg7 4. e4 d6 5. f3 O-O 6. Be3 Nbd7 7. Qd2 a6 8. h4 e5
9. Nge2 exd4 10. Nxd4 Ne5 11. O-O-O Bd7 12. Be2 Nc6 13. Nxc6 Bxc6 14. g4 Qd7
15. h5 b5 16. Bh6 bxc4 17. Bxg7 Kxg7 18. hxg6 fxg6 19. Qh6+ Kh8 20. Bxc4 Qg7
21. Qe3 Nd7 22. Bd5 Bxd5 23. Nxd5 Rab8 24. Rd2 Ne5 25. Rdh2 Rxf3 26. Rxh7+ Qxh7
27. Rxh7+ Kxh7 28. Qa7 Nd3+ 29. Kd1 Rxb2 30. Qxc7+ Kh6 31. g5+ Kxg5 32. Qe7+
Kh6 33. Qh4+ Kg7 34. Ne3 Rxe3 35. Qe7+ Kg8 36. Qe8+ Kh7 37. Qe7+ Kh6 38. Qh4+
1/2-1/2

[Event "V Festival Costa Viola B"]
[Site "Palmi ITA"]
[Date "2012.01.05"]
[Round "7"]
[White "Furnari, Francesco"]
[Black "Tricomi, Massimo"]
[Result "1/2-1/2"]
[WhiteElo "1833"]
[BlackElo "1839"]
[PlyCount "35"]
[EventDate "2012.01.02"]

1. c4 c5 2. Nc3 Nc6 3. g3 g6 4. Bg2 Bg7 5. Nf3 Nf6 6. e3 e6 7. O-O O-O 8. d4
cxd4 9. exd4 d5 10. cxd5 Nxd5 11. Nxd5 exd5 12. Re1 Qb6 13. Be3 Qxb2 14. Re2
Qb6 15. Rb1 Qd8 16. Bg5 Bf6 17. Bxf6 Qxf6 18. Ne5 1/2-1/2

[Event "V Festival Costa Viola B"]
[Site "Palmi ITA"]
[Date "2012.01.05"]
[Round "7"]
[White "Greco, Simone"]
[Black "Vazzana, Antonio"]
[Result "1/2-1/2"]
[WhiteElo "1629"]
[BlackElo "1593"]
[PlyCount "123"]
[EventDate "2012.01.02"]

1. e4 c5 2. Nc3 Nc6 3. g3 g6 4. Bg2 Bg7 5. Nge2 Rb8 6. d3 b5 7. O-O e6 8. Qe1
Nge7 9. f4 O-O 10. Be3 Nd4 11. Rc1 Qa5 12. a3 b4 13. axb4 Qxb4 14. Nd1 Qxe1 15.
Rxe1 d6 16. Nxd4 cxd4 17. Bd2 Bd7 18. Ba5 Rfc8 19. Re2 Rb5 20. Be1 Nc6 21. Ra1
Rc7 22. b3 Nb4 23. Bxb4 Rxb4 24. Nb2 Rb5 25. Bh3 Bf8 26. Nc4 Rbc5 27. Bg2 Bb5
28. Na3 a5 29. Nxb5 Rxb5 30. Ra4 e5 31. Bf3 Rbc5 32. Ra2 Be7 33. Bg2 Bd8 34.
Kf1 Ra7 35. Ra4 Bb6 36. Bf3 Rac7 37. Ra2 Kf8 38. Kg2 Ra7 39. Ra4 Rb5 40. Re1
Rb4 41. Rea1 Rxa4 42. Rxa4 Bc5 43. Ra2 Ke7 44. Bg4 Kd8 45. f5 Kc7 46. Ra4 Bb4
47. Ra1 Kb6 48. Kg1 Kb5 49. Ra4 Kc5 50. Kf2 Ra8 51. Ra1 Bc3 52. Ra4 Bb4 53. Ra1
Kc6 54. Kg1 Kc7 55. Kg2 Kd8 56. Kg1 Ke7 57. Kf2 Kf6 58. Kg1 Kg5 59. Bh3 Rf8 60.
Rf1 Bc3 61. fxg6 hxg6 62. Bd7 1/2-1/2

[Event "V Festival Costa Viola B"]
[Site "Palmi ITA"]
[Date "2012.01.05"]
[Round "7"]
[White "Iannello, Antonio"]
[Black "Rametta, Marcello"]
[Result "0-1"]
[WhiteElo "1605"]
[BlackElo "1744"]
[PlyCount "46"]
[EventDate "2012.01.02"]

1. e4 c5 2. Nf3 Nc6 3. d4 cxd4 4. Nxd4 Nxd4 5. Qxd4 e6 6. Nc3 a6 7. Be2 b5 8.
Be3 Bb7 9. O-O Rc8 10. a3 Nf6 11. f3 Bc5 12. Qd2 Bxe3+ 13. Qxe3 O-O 14. Rad1 d5
15. e5 Nd7 16. Rd4 Qc7 17. f4 g6 18. Rf3 Nb6 19. b3 Bc6 20. Rd2 d4 21. Rxd4
Bxf3 22. Ne4 Bxe4 23. Qxe4 Qxc2 0-1

[Event "V Festival Costa Viola B"]
[Site "Palmi ITA"]
[Date "2012.01.05"]
[Round "7"]
[White "Mercuri, Delia"]
[Black "Zampaglione, Francesco"]
[Result "1-0"]
[WhiteElo "1673"]
[BlackElo "1560"]
[PlyCount "113"]
[EventDate "2012.01.02"]

1. e4 d6 2. d4 Nf6 3. Nc3 Nbd7 4. Be2 e5 5. dxe5 dxe5 6. Bg5 Be7 7. Nf3 c6 8.
O-O Qc7 9. Nh4 h6 10. Be3 Nxe4 11. Nf5 Nxc3 12. bxc3 Bf6 13. Nd6+ Ke7 14. Nf5+
Kf8 15. Bc4 Nb6 16. Bc5+ Kg8 17. Bd3 Bxf5 18. Bxf5 Rd8 19. Qg4 Nd5 20. Qg3 b6
21. Ba3 e4 22. Qxc7 Nxc7 23. Rad1 Rxd1 24. Rxd1 g6 25. Bxe4 c5 26. c4 Kg7 27.
g3 Rd8 28. Re1 Re8 29. Kf1 Bd4 30. f3 f5 31. Bd5 Rxe1+ 32. Kxe1 Kf6 33. Ke2
Nxd5 34. cxd5 Ke5 35. c4 b5 36. Kd3 bxc4+ 37. Kxc4 Kd6 38. Bc1 h5 39. Bh6 Ke7
40. Bf4 Kd7 41. Bb8 a6 42. f4 Bg1 43. h3 Bh2 44. Kxc5 Bxg3 45. Kd4 g5 46. Ke3
g4 47. hxg4 fxg4 48. Ba7 Kd6 49. Ke4 h4 50. f5 Ke7 51. Bd4 h3 52. Bc5+ Bd6 53.
f6+ Kxf6 54. Bxd6 Kf7 55. Bh2 Ke7 56. d6+ Ke6 57. Kd4 1-0

[Event "V Festival Costa Viola B"]
[Site "Palmi ITA"]
[Date "2012.01.05"]
[Round "7"]
[White "Navarra, Stefano"]
[Black "Alvaro, Francesco"]
[Result "0-1"]
[WhiteElo "1389"]
[BlackElo "1734"]
[PlyCount "42"]
[EventDate "2012.01.02"]

1. d4 Nf6 2. e3 e6 3. Nf3 d5 4. Be2 c5 5. c4 Nc6 6. a3 Bd6 7. Nbd2 O-O 8. dxc5
Bxc5 9. b4 Bd6 10. c5 Bc7 11. Bb2 Re8 12. O-O e5 13. h3 Bf5 14. Nh4 Be6 15.
Nhf3 a6 16. Ng5 Bf5 17. g4 Nxg4 18. hxg4 Qxg5 19. f3 Qxe3+ 20. Kg2 e4 21. fxe4
Qg3+ 0-1

[Event "V Festival Costa Viola B"]
[Site "Palmi ITA"]
[Date "2012.01.05"]
[Round "7"]
[White "Palermiti, Francesco"]
[Black "Valotta, Massimiliano"]
[Result "0-1"]
[WhiteElo "1540"]
[BlackElo "1852"]
[PlyCount "76"]
[EventDate "2012.01.02"]

1. d4 g6 2. Nf3 Bg7 3. e3 d5 4. Nbd2 Nf6 5. b3 O-O 6. Bb2 Nbd7 7. Bd3 c5 8. c4
e6 9. cxd5 exd5 10. O-O b6 11. Rc1 Bb7 12. Ne5 Nxe5 13. dxe5 Ne8 14. Nf3 Nc7
15. Be2 Ne6 16. Qc2 Rc8 17. Rfd1 Qe7 18. Qb1 Rfd8 19. Rd2 Bh6 20. Rdd1 d4 21.
exd4 Bxc1 22. Bxc1 Bxf3 23. Bxf3 Nxd4 24. Bg4 Qxe5 25. Bb2 Qf4 26. Bxc8 Rxc8
27. Bc1 Ne2+ 28. Kh1 Qxf2 29. Bh6 Nd4 30. Qe4 Qe2 31. Qb1 Re8 32. a3 Qh5 33.
Bf4 g5 34. Bg3 g4 35. h4 Nf5 36. Qd3 Nxh4 37. Bxh4 Qxh4+ 38. Kg1 g3 0-1

[Event "V Festival Costa Viola B"]
[Site "Palmi ITA"]
[Date "2012.01.05"]
[Round "7"]
[White "Pelyushenko, Vladyslav"]
[Black "Serratore, Vincenzo"]
[Result "1-0"]
[WhiteElo "1787"]
[BlackElo "1844"]
[PlyCount "167"]
[EventDate "2012.01.02"]

1. d4 d5 2. Nf3 Bf5 3. c4 e6 4. Nc3 Nc6 5. Bf4 Bd6 6. Bg3 Bxg3 7. hxg3 Nge7 8.
e3 h6 9. Rc1 dxc4 10. Bxc4 Nd5 11. Nxd5 exd5 12. Bb5 Bd7 13. Qb3 a6 14. Bxc6
Bxc6 15. O-O O-O 16. Ne5 Bb5 17. Rfe1 f6 18. Ng6 Re8 19. Nf4 c6 20. a4 Bc4 21.
Qxb7 Re7 22. Qb4 Rb8 23. Qc5 Kh7 24. Rxc4 dxc4 25. Qxc4 Qa5 26. Qc2+ Kg8 27.
Rc1 Ree8 28. Nd3 Rec8 29. Nc5 Rb4 30. Qf5 Qd8 31. Qe6+ Kh7 32. b3 a5 33. Qf5+
g6 34. Qd3 Rcb8 35. Qe4 R4b6 36. Qe6 Qd5 37. Qe7+ Kg8 38. Qxf6 Rxb3 39. Qxg6+
Kh8 40. Nxb3 Qxb3 41. Rxc6 Qb1+ 42. Qxb1 Rxb1+ 43. Kh2 Rb4 44. Rxh6+ Kg7 45.
Ra6 Rxa4 46. Kh3 Ra1 47. Kg4 a4 48. Kf5 a3 49. d5 a2 50. e4 Kf7 51. e5 Rd1 52.
Ra7+ Ke8 53. Rxa2 Rxd5 54. Ra7 Rd2 55. Ke6 Kf8 56. Rf7+ Kg8 57. g4 Ra2 58. Rd7
Rxf2 59. g5 Rxg2 60. Kf6 Rf2+ 61. Kg6 Kf8 62. e6 Ke8 63. Rd5 Ke7 64. Re5 Rf1
65. Kg7 Rg1 66. g6 Rd1 67. Kh7 Rg1 68. g7 Rh1+ 69. Kg8 Rh6 70. Re1 Rh5 71. Rf1
Rh2 72. Rf3 Rh1 73. Rf7+ Ke8 74. Rc7 Rh2 75. Rd7 Rh1 76. Rd2 Ke7 77. Rd7+ Ke8
78. Rf7 Rh2 79. e7 Rg2 80. Rf4 Rh2 81. Rf1 Kxe7 82. Rf3 Rg2 83. Rh3 Rf2 84. Kh8
1-0

[Event "V Festival Costa Viola B"]
[Site "Palmi ITA"]
[Date "2012.01.05"]
[Round "7"]
[White "Santeramo, Alessia Carmen"]
[Black "Panariello, Francesco"]
[Result "1-0"]
[WhiteElo "1824"]
[BlackElo "1756"]
[PlyCount "71"]
[EventDate "2012.01.02"]

1. e4 e6 2. d4 d5 3. e5 c5 4. c3 Nc6 5. Nf3 Bd7 6. a3 f6 7. exf6 Nxf6 8. Be3 c4
9. g3 Bd6 10. Bg2 Qc7 11. O-O a5 12. Nbd2 a4 13. Ne1 O-O 14. f4 Ne7 15. Qe2 Nf5
16. Ndf3 Nxe3 17. Qxe3 Qb6 18. Qe2 Ra5 19. Ne5 Re8 20. Nxd7 Nxd7 21. Nf3 Rb5
22. Rf2 Nf6 23. Ne5 Rb3 24. g4 Qb5 25. g5 Ne4 26. Bxe4 dxe4 27. g6 Bxe5 28.
gxh7+ Kh8 29. fxe5 e3 30. Rg2 Rf8 31. Rb1 Rxc3 32. Qg4 Rf7 33. Qg6 Re7 34. bxc3
Qd5 35. Rf1 Qd7 36. Rf8# 1-0

[Event "V Festival Costa Viola B"]
[Site "Palmi ITA"]
[Date "2012.01.05"]
[Round "7"]
[White "Suriano, Davide"]
[Black "Russo, Biagio"]
[Result "1-0"]
[WhiteElo "1539"]
[BlackElo "1691"]
[PlyCount "55"]
[EventDate "2012.01.02"]

1. c4 Nf6 2. Nc3 c5 3. g3 a6 4. Bg2 Qc7 5. e3 Nc6 6. Nge2 b6 7. O-O g6 8. d4
cxd4 9. exd4 Bb7 10. d5 Nd8 11. b3 d6 12. Re1 Bg7 13. Be3 Nd7 14. Bd4 f6 15.
Nf4 O-O 16. Rxe7 Qc8 17. Bh3 Rf7 18. Bxd7 Qc7 19. Rxf7 Nxf7 20. Bh3 Re8 21. Ne6
Qd7 22. Nxg7 Qe7 23. Nxe8 Qxe8 24. Bxf6 Ne5 25. Be6+ Kf8 26. Ne4 Qb8 27. Qe2
Qc7 28. Bd8 1-0

[Event "V Festival Costa Viola B"]
[Site "Palmi ITA"]
[Date "2012.01.05"]
[Round "7"]
[White "Vasta, Armando"]
[Black "Carbone, Edoardo"]
[Result "0-1"]
[WhiteElo "1678"]
[BlackElo "1835"]
[PlyCount "128"]
[EventDate "2012.01.02"]

1. d4 Nf6 2. c4 e6 3. Nc3 Bb4 4. Qc2 Bxc3+ 5. Qxc3 b6 6. Bg5 Bb7 7. Nf3 h6 8.
Bh4 g5 9. Bg3 Ne4 10. Qc2 d6 11. Nd2 f5 12. f3 Nxd2 13. Qxd2 Qf6 14. e3 Nd7 15.
Bd3 O-O-O 16. O-O-O Rdf8 17. Bf2 Rhg8 18. Rhg1 h5 19. Rdf1 g4 20. Be2 Qe7 21.
Qd3 Rf7 22. e4 fxe4 23. fxe4 Rgf8 24. Be3 Rxf1+ 25. Rxf1 Rxf1+ 26. Bxf1 Qh4 27.
Bg1 Qe1+ 28. Qd1 Qxd1+ 29. Kxd1 Bxe4 30. Ke2 c5 31. Ke3 Bb1 32. a3 Kc7 33. Be2
e5 34. d5 Ba2 35. Ke4 Bb1+ 36. Ke3 Nf6 37. Bf2 a6 38. Bh4 Nd7 39. h3 gxh3 40.
gxh3 Bg6 41. Be7 b5 42. cxb5 a5 43. Kd2 Nb6 44. Bf8 Nxd5 45. Bc4 Nb6 46. Be2
Nd7 47. Be7 d5 48. Bf3 e4 49. Bg2 a4 50. h4 Kb6 51. Bh3 Ne5 52. Be6 d4 53. Bf6
Nf3+ 54. Ke2 Nh2 55. Bd8+ Kxb5 56. Bd7+ Ka6 57. Bxa4 Ng4 58. Bb3 d3+ 59. Ke1 e3
60. Bc4+ Ka7 61. Be7 Kb6 62. Bd8+ Kc6 63. Bg5 d2+ 64. Kd1 Nf2+ 0-1

[Event "V Festival Costa Viola B"]
[Site "Palmi ITA"]
[Date "2012.01.06"]
[Round "8"]
[White "Cammareri, Pasquale"]
[Black "Santeramo, Cristina"]
[Result "0-1"]
[WhiteElo "1485"]
[BlackElo "1550"]
[PlyCount "74"]
[EventDate "2012.01.02"]

1. d4 d5 2. Nf3 Nf6 3. e3 e6 4. Bd3 Be7 5. O-O Nbd7 6. b3 O-O 7. Bb2 b6 8. Nbd2
c5 9. c4 Bb7 10. Qc2 Rc8 11. Rac1 dxc4 12. bxc4 Re8 13. Ne4 h6 14. Nxf6+ Nxf6
15. dxc5 Rxc5 16. Rfd1 Qa8 17. Be2 b5 18. Qb3 bxc4 19. Rxc4 Bd5 20. Rxd5 Qxd5
21. Bd4 Rxc4 22. Bxc4 Qa5 23. Qb5 Qxb5 24. Bxb5 Rb8 25. a4 a6 26. Bxa6 Rb1+ 27.
Bf1 Bb4 28. g3 Ne4 29. Kg2 Nc3 30. Bd3 Rb3 31. Bb5 Nxb5 32. axb5 Ba5 33. Ne5
Rxb5 34. Nc6 Bb6 35. Be5 Kh7 36. h4 Rc5 37. Nd8 Bxd8 0-1

[Event "V Festival Costa Viola B"]
[Site "Palmi ITA"]
[Date "2012.01.06"]
[Round "8"]
[White "Cicero, Angelo"]
[Black "Brogneri, Giovanni"]
[Result "1/2-1/2"]
[WhiteElo "1680"]
[BlackElo "1797"]
[PlyCount "99"]
[EventDate "2012.01.02"]

1. e4 b6 2. d4 e6 3. g3 Bb7 4. Bg2 f5 5. Nc3 Bb4 6. f3 fxe4 7. fxe4 Nf6 8. Bg5
Be7 9. Nge2 O-O 10. Qd2 Ng4 11. Bxe7 Qxe7 12. Nf4 g5 13. Nd3 e5 14. dxe5 Nxe5
15. Nxe5 Qxe5 16. O-O-O d6 17. Nd5 Bxd5 18. Qxd5+ Qxd5 19. exd5 Nd7 20. Rhf1
Ne5 21. h3 Kg7 22. b3 a5 23. a4 h5 24. Kd2 Ng6 25. Rde1 Rae8 26. Re2 Rxe2+ 27.
Kxe2 Rxf1 28. Bxf1 Kf6 29. Ke3 Ke5 30. c4 Ne7 31. Bd3 c5 32. h4 Nf5+ 33. Bxf5
Kxf5 34. hxg5 Kxg5 35. Kf3 Kf5 36. Kf2 Kf6 37. Ke2 Kg6 38. Ke3 Kf5 39. Kf2 Kg6
40. Ke3 Kg5 41. Kf3 Kh6 42. Kf4 Kg6 43. Ke3 Kg5 44. Kf3 Kf5 45. Kf2 Kg4 46. Kg2
h4 47. gxh4 Kxh4 48. Kf3 Kg5 49. Kg3 Kf5 50. Kf3 1/2-1/2

[Event "V Festival Costa Viola B"]
[Site "Palmi ITA"]
[Date "2012.01.06"]
[Round "8"]
[White "Daniac, Federico"]
[Black "Palermiti, Francesco"]
[Result "1-0"]
[WhiteElo "1548"]
[BlackElo "1540"]
[PlyCount "95"]
[EventDate "2012.01.02"]

1. e4 c5 2. Nf3 e6 3. d4 cxd4 4. Nxd4 Nf6 5. Nc3 d6 6. f3 a6 7. Be3 b5 8. a3
Bb7 9. Be2 Be7 10. O-O O-O 11. Qd2 Nbd7 12. Rfd1 Qc7 13. Rac1 Rfd8 14. Nb3 Ne5
15. Qe1 Nc4 16. Bxc4 bxc4 17. Nd4 d5 18. exd5 exd5 19. Qf2 Nd7 20. Nf5 Qe5 21.
Nxe7+ Qxe7 22. Nxd5 Bxd5 23. Rxd5 Nb6 24. Rxd8+ Qxd8 25. Bxb6 Qf6 26. Qd4 Qe6
27. Rd1 h6 28. Ba5 Re8 29. Bc3 f6 30. Qd5 Qxd5 31. Rxd5 Re2 32. Rd2 Re6 33. Kf2
f5 34. h4 h5 35. Rd7 g6 36. Rc7 Kf8 37. Rxc4 Ke8 38. Rd4 Ke7 39. Bb4+ Ke8 40.
Rd6 Rxd6 41. Bxd6 Kd7 42. Bc5 Kc6 43. b4 Kb5 44. c3 Ka4 45. Ke3 Kxa3 46. Bd4
Ka4 47. Kf4 Kb5 48. Kg5 1-0